Économie et ecologie / (Registro nro. 4269)

Detalles MARC
000 -CABECERA
Campo de control 00706nam a2200217 a 4500
005 - FECHA Y HORA DE LA ULTIMA TRANSACCION
Campo de control 20170915095524.0
008 - ELEMENTOS DE LONGITUD FIJA—INFORMACION GENERAL
Campo de control 140314b1994 fr ||||r|||| 00| 0 fre d
020 ## - ISBN
ISBN 270707123935
040 ## - FUENTE DE CATALOGACIÓN
Agencia catalogadora original CO-BoIAVH
Agencia transcriptora CO-BoIAVH
041 0# - IDIOMA
Código de idioma para texto/pista de sonido o título separado Francés
044 ## - PAÍS DE PUBLICACIÓN
País de publicación Francia
082 04 - NUMERO DE CLASIFICACION DECIMAL DEWEY
Número de clasificación 333.70681
Número del ítem V86e
100 1# - ASIENTO PRINCIPAL--NOMBRE PERSONAL
Nombre personal Vivien, Franck-Dominique
Término relacionado autor
9 (RLIN) 21711
245 10 - MENCION DE TITULO
Título Économie et ecologie /
Mención de responsabilidad Franck-Dominique Vivien
260 ## - PUBLICACION, DISTRIBUCION, ETC. (PIE DE IMPRENTA)
Lugar de publicación, distribución, etc. París (Francia) :
Nombre del editor, distribuidor, etc. Editions La Decouverte,
Fecha de publicación, distribución, etc. 1994.
300 ## - DESCRIPCION FISICA
Extensión 122 páginas ;
Dimensiones 18 x 11 cm.
504 ## - NOTA DE BIBLIOGRAFIA, ETC.
Nota de bibliografía Incluye referencias bibliográficas.
650 26 - ASIENTO SECUNDARIO DE MATERIA - TERMINO TEMATICO
Término temático o nombre geográfico como elemento de entrada Ecología
Subdivisión general Aspectos económicos
9 (RLIN) 84503
650 26 - ASIENTO SECUNDARIO DE MATERIA - TERMINO TEMATICO
Término temático o nombre geográfico como elemento de entrada Recursos naturales
Subdivisión general Aspectos económicos
9 (RLIN) 84504
942 ## - ELEMENTOS ADICIONALES (KOHA)
Tipo de ítem Libro
Sistema de clasificación Dewey Decimal Classification
Existencias
Withdrawn status Lost status Sistema de Clasificación Damaged status No para préstamo Colección Inventariado Ubicación Permanente Ubicación actual Fecha de adquisición Fuente de Valor Valor Total Checkouts Número topográfico Inventario / Código de Barras Date last seen Ejemplar Price effective from Forma de adquisición Tipo de material
    Dewey Decimal Classification     General Inventariado 2017 Sala Fabio Quevedo Sala Fabio Quevedo 18/01/2005 Instituto 39000.00   LB-333.70681 V86e 017048 04/12/2012 Ej. 1 04/12/2012 Donación Libro